| 000 | 00683nam a2200217Ia 4500 | ||
|---|---|---|---|
| 008 | 191130s2004##################000#0#eng## | ||
| 020 | _a521809533 | ||
| 022 | _a2003055188 | ||
| 040 |
_aACL _cACL |
||
| 082 | _a551.522 ZDU | ||
| 100 | _aZdunkowski, Wilford | ||
| 245 |
_aThermodynamics of the atmosphere _cWilford Zdunkowski and Andreas Bott |
||
| 260 |
_aCambridge _bCambridge University Press _c2004 |
||
| 300 | _axiii, 251 p. : ill. ; 26 cm | ||
| 500 | _aIncludes bibliographical references (p. 246-247) and index | ||
| 650 | _aAtmospheric thermodynamics | ||
| 700 | _aBott, Andreas | ||
| 990 | _a432a2cf8ac10000c7f6cd177a2e32383 | ||
| 991 | _a160439 | ||
| 999 |
_c77808 _d77808 |
||